| 000 | 01027nam0a22002771 4500 | ||
|---|---|---|---|
| 001 | rc\3670183 | ||
| 005 | 20260407101054.0 | ||
| 035 | _a(NLR Aleph) 007745217 | ||
| 090 |
_a7203410 _c7203410 |
||
| 100 | _a20130115d1969 |||y0rusy50 ca | ||
| 101 | 0 | _arus | |
| 102 | _aRU | ||
| 105 | _aa z ||||| | ||
| 200 | 1 |
_aКомната в Смольном _eПутеводитель по музею _fМемор. музеи В.И. Ленина в Ленинграде |
|
| 205 | _a[3-е изд. | ||
| 210 |
_aЛенинград _cЛениздат _d1969 |
||
| 215 |
_a63 с. _cил. _d14 |
||
| 300 | _aНа обороте тит. л. авт.: В.Е. Муштуков | ||
| 701 | 1 |
_aМуштуков _bВ.Е. |
|
| 702 | 1 |
_aЛенин _bВ.И. _f1870-1924 _gВладимир Ильич _4570 |
|
| 710 | 0 | 2 |
_aКомната-музей В.И.Ленина в Смольном _cЛенинград _3RU\NLR\AUTH\8810055407 _9611388 |
| 801 | 0 |
_aRU _bNLR _gpsbo |
|
| 801 | 1 |
_aRU _bELAR _2rusmarc |
|
| 852 |
_aNLR _j69-1/672 |
||
| 942 | _cBOOK | ||
| 980 | _aNB | ||